000 00346nam a2200133Ia 4500
005 20260328101527.0
008 260328s9999||||xx |||||||||||||| ||und||
100 _aAshraf, Kazi
245 0 _aMade in India (Architectural Design) /
_cKazi Ashraf
260 _bJohn Wiley & Sons
300 _a160 p.
650 _aARQUITECTURA REGIONAL
942 _cBK
999 _c9813
_d9813